| 000 | 00933nam a22002297a 4500 | ||
|---|---|---|---|
| 999 |
_c6874 _d6874 |
||
| 003 | GBCCL | ||
| 005 | 20241126110614.0 | ||
| 008 | 180702b ||||| |||| 00| 0 eng d | ||
| 020 | _a0890860548 | ||
| 020 | _a9780890860540 | ||
| 040 | _cGBC | ||
| 082 |
_a225.48 _bALF |
||
| 100 |
_aAlford, Henry _912291 |
||
| 245 |
_aAlford's Greek Testament : _ban exegetical and critical commentary/ _cHenry Alford |
||
| 260 |
_aGrand Rapids : _bGuardian Press, _c1976, 1874. |
||
| 300 | _a4 volumes in 6 ; 21 cm | ||
| 505 | _avol. I, pt. 1. Prolegomena & Matthew-Mark; pt. 2. Luke-John.--vol. II. Acts-II Corinthians.--vol. III. Galatians-Philemon.--vol. IV, pt. 1. Prolegomena & Hebrews; pt. 2. James-Revelation. | ||
| 505 | _aOriginal title: The Greek New Testament. Issued in six bindings in a slipcase. | ||
| 650 |
_aBible. -- New Testament -- Commentaries. _911414 |
||
| 650 |
_aBible. -- New Testament. _910931 |
||
| 942 |
_2ddc _cREF |
||